| 000 | 02944cas a2200757 a 4500 | ||
|---|---|---|---|
| 001 | 11418719 | ||
| 003 | OSt | ||
| 005 | 20230605103515.0 | ||
| 007 | cr mnu|||||||| | ||
| 008 | 921026c19929999enkqn p 0 0eng c | ||
| 010 |
_a 93642878 _zsn 92018016 |
||
| 015 |
_aGB9247922 _2bnb |
||
| 016 | 7 |
_a1106568-0 _2DE-600 |
|
| 016 | 7 |
_a101086019 _2DNLM |
|
| 016 | 7 |
_a012480790 _2Uk |
|
| 022 |
_a0963-8024 _l0963-8024 |
||
| 035 | _a(OCoLC)ocm26862593 | ||
| 040 |
_aPSC _beng _cPSC _dCLU _dNST _dHUL _dDLC _dIUL _dDLC _dMYG _dEYM _dNYG _dIUL _dMYG _dNSD _dMYG _dOCL _dIUL _dSYS _dIUL _dNLM _dIUL _dMYG _dNLGGC _dZCU _dTSU _dHLS _dOCLCQ _dHEBIS _dOCLCQ _dOCLCF _dBEDGE _dOCLCO _dLOA _dUKMGB _dL2U _dOCLCQ _dPWQ _dCGU _dPUL |
||
| 042 | _apcc | ||
| 043 | _af------ | ||
| 050 | 0 | 0 |
_aHC800.A1 _bJ68 |
| 050 | 1 | 4 | _aDT1 |
| 082 | 0 | 0 |
_a330.96/005 _220 _bJAE |
| 245 | 0 | 0 | _aJournal of African economies. |
| 260 |
_aOxford : _bOxford University Press, _c1992- |
||
| 300 |
_avolumes : _billustrations ; _c24 cm |
||
| 310 |
_a5 issues a year, _b2007- |
||
| 321 |
_aThree issues a year, _b1992- |
||
| 321 |
_aQuarterly, _b<1999>-2006 |
||
| 336 |
_atext _btxt _2rdacontent |
||
| 337 |
_aunmediated _bn _2rdamedia |
||
| 338 |
_avolume _bnc _2rdacarrier |
||
| 362 | 0 | _aVol. 1, no. 1 (Mar. 1992)- | |
| 500 | _aTitle from cover. | ||
| 525 | _aHas also supplements. | ||
| 530 | _aAlso issued online. | ||
| 555 | _aVols. 1 (1992)-5 (1996), in v. 5, no. 3. | ||
| 588 | _aLatest issue consulted: Vol. 15, no. 2 (June 2006). | ||
| 590 | _aSERBIB/SERLOC merged record | ||
| 648 | 7 |
_aSince 1960 _2fast |
|
| 650 | 7 |
_aConditions économiques. _2eclas |
|
| 650 | 7 |
_aPublications périodiques. _2eclas |
|
| 650 | 7 |
_aeconomic situation. _2eurovocen |
|
| 650 | 7 |
_aeconomic policy. _2eurovocen |
|
| 650 | 7 |
_aAfrica. _2eurovocen |
|
| 650 | 7 |
_aEconomic history. _2fast _0(OCoLC)fst00901974 |
|
| 650 | 7 |
_aEconomic policy. _2fast _0(OCoLC)fst00902025 |
|
| 650 | 1 | 7 |
_aEconomische situatie. _2gtt |
| 650 | 1 | 7 |
_aEconomische geschiedenis. _2gtt |
| 651 | 0 |
_aAfrica _xEconomic conditions _y1960- _vPeriodicals. |
|
| 651 | 0 |
_aAfrica _xEconomic policy _vPeriodicals. |
|
| 651 | 7 |
_aAfrique. _2eclas |
|
| 651 | 7 |
_aAfrica. _2fast _0(OCoLC)fst01239509 |
|
| 655 | 7 |
_aPeriodicals. _2fast _0(OCoLC)fst01411641 |
|
| 655 | 7 |
_aPeriodicals. _2lcgft _0http://id.loc.gov/authorities/genreForms/gf2014026139 _0(uri) http://id.loc.gov/authorities/genreForms/gf2014026139 |
|
| 776 | 0 | 8 |
_iOnline version: _tJournal of African economies (Online) _x1464-3723 _w(DLC) 00238344 _w(OCoLC)42910154 |
| 776 | 0 | 8 |
_iOnline version: _tJournal of African economies _w(OCoLC)607525791 |
| 906 |
_a7 _bcbc _cserials _d2 _encip _f19 _gn-oclcserc |
||
| 942 |
_2ddc _cBK |
||
| 999 |
_c262 _d262 |
||